[Event "It"]
[Site "Valjevo YUG"]
[Date "2000.06.18"]
[Round "2"]
[White "Kozakov,M"]
[Black "Perunovic,Mil"]
[Result "0-1"]
[WhiteElo "2426"]
[BlackElo "2384"]

1.e4 c5 2.Nf3 Nc6 3.d4 cxd4 4.Nxd4 Qc7 5.Nc3 e6 6.Be3 a6 7.Bd3 Nf6 8.Nb3 Bd6
9.g3 Be5 10.Na4 b5 11.Nb6 Rb8 12.Nxc8 Rxc8 13.c3 d5 14.f4 dxe4 15.fxe5 Nd5
16.Bc5 exd3 17.Bd6 Ne3 18.Qxd3 Nxe5 19.Qxe3 Qxd6 20.Rd1 Qc7 21.O-O O-O 22.Rde1 Nc4
23.Qf2 e5 24.Re2 f5 25.Rfe1 f4 26.gxf4 Rxf4 27.Qg2 Qd7 28.h3 Rc6 29.Kh2 Rg6
30.Qa8+ Rf8 31.Qe4 Rh6 32.Qg2 e4 33.Rxe4 Rxh3+ 34.Kg1 Qd3 35.Nc5 Qf3 36.Qxf3 Rfxf3
37.b3 Ne3  0-1

[Event "11th Open"]
[Site "Ljubljana SLO"]
[Date "2000.06.22"]
[Round "6"]
[White "Susnik,M"]
[Black "Kukovec,B"]
[Result "0-1"]
[WhiteElo "2227"]
[BlackElo "2111"]

1.e4 c5 2.Nf3 Nc6 3.d4 cxd4 4.Nxd4 Qc7 5.Nb5 Qb8 6.c4 Nf6 7.N5c3 e6 8.Be2 b6
9.f4 e5 10.O-O Bc5+ 11.Kh1 Bb7 12.a3 a5 13.Qe1 Nd4 14.Bd1 b5 15.fxe5 Qxe5
16.Bf4 Qe6 17.e5 Ng4 18.Ne4 Qc6 19.Nbc3 Qg6 20.Nxc5 Ne3 21.Qg3 Qxg3 22.hxg3 Nxf1
23.Nxb7 g5 24.Nd6+ Kf8 25.Bxg5 Nxg3+ 26.Kh2 Ngf5 27.Bg4 Rg8 28.Nce4 Nxd6
29.exd6 f5 30.Bh6+ Kf7 31.Bh5+ Ke6 32.Rd1 Ke5 33.Nc5 Ra7 34.Nd3+ Kf6 35.Be3 Nc6
36.Bxa7 bxc4 37.Nf4 Nxa7 38.Re1 Rb8 39.Re2 Nc6 40.g3 Nd4 41.Re7 Rxb2+ 42.Re2 Nxe2
43.Bxe2 c3 44.Nd5+ Ke5 45.Nxc3 Rc2 46.a4 Rxc3  0-1

[Event "It"]
[Site "Valjevo YUG"]
[Date "2000.06.25"]
[Round "8"]
[White "Vuckovic,Bo"]
[Black "Andonov,B"]
[Result "1-0"]
[WhiteElo "2427"]
[BlackElo "2418"]

1.e4 c5 2.Nf3 Nc6 3.d4 cxd4 4.Nxd4 Qc7 5.Nc3 e6 6.Be2 Nf6 7.O-O Bb4 8.Ndb5 Qb8
9.f4 a6 10.e5 axb5 11.exf6 Bc5+ 12.Kh1 b4 13.Ne4 Bd4 14.fxg7 Bxg7 15.f5 d5
16.fxe6 Bxe6 17.Ng5 Nd8 18.Nxe6 fxe6 19.Bb5+ Ke7 20.Qg4 Be5 21.Qxb4+  1-0

[Event "It"]
[Site "Valjevo YUG"]
[Date "2000.06.25"]
[Round "8"]
[White "Anka,E"]
[Black "Perunovic,Mil"]
[Result "1/2-1/2"]
[WhiteElo "2474"]
[BlackElo "2384"]

1.e4 c5 2.Nf3 Nc6 3.d4 cxd4 4.Nxd4 Qc7 5.Nb5 Qb8 6.c4 Nf6 7.N5c3 b6 8.Be2 Bb7
9.f4 e5 10.f5 Nd4 11.Bd3 Bc5 12.a3 a5 13.Nd2 Qd6 14.Nd5 g6 15.fxg6 hxg6 16.Rb1 a4
17.Nf3 Nxd5 18.cxd5 f5 19.Be3 fxe4 20.Bxe4 Bxd5 21.Bxd5 Qxd5 22.Bxd4 Qe4+
23.Kf2 Bxd4+ 24.Nxd4 Qh4+ 25.g3 Qxd4+ 26.Qxd4 exd4 27.Rbe1+ Kf7 28.Re4 Rac8
29.Rf1 Rc2+ 30.Kg1+ Kg7 31.Re7+ Kh6 32.Rxd7 Re8 33.Rf2 Re1+ 34.Kg2 Ree2 35.Rxe2 Rxe2+
36.Kf3 Rxh2 37.Rxd4 Rxb2  1/2-1/2

[Event "It"]
[Site "Valjevo YUG"]
[Date "2000.06.28"]
[Round "11"]
[White "Pikula,D"]
[Black "Perunovic,Mil"]
[Result "1/2-1/2"]
[WhiteElo "2476"]
[BlackElo "2384"]

1.e4 c5 2.Nf3 Nc6 3.d4 cxd4 4.Nxd4 Qc7 5.Nc3 e6 6.Be3 a6 7.Qd2 Nf6 8.f3 Ne5
9.Nb3 Bb4 10.Bd4 b5 11.a3 Bd6 12.Bxb5 Ng6 13.Bf1 Bxh2 14.O-O-O Bf4 15.Be3 Be5
16.g4 h6 17.Kb1 Bb7 18.Bc5 Bf4 19.Qd4 Be5 20.Qb4 Rc8 21.Bd4 Bxd4 22.Rxd4 Ne5
23.Na5 Rb8 24.Qd6 Qxd6 25.Rxd6 Ke7  1/2-1/2

[Event "XVIII Open"]
[Site "Andorra AND"]
[Date "2000.06.30"]
[Round "7"]
[White "Ramesh,R"]
[Black "Ivanov,J"]
[Result "1-0"]
[WhiteElo "2443"]
[BlackElo "2440"]

1.e4 c5 2.Nf3 Nc6 3.d4 cxd4 4.Nxd4 Qc7 5.Nc3 e6 6.Be2 Nf6 7.Ndb5 Qb8 8.Be3 Be7
9.g4 a6 10.Nd4 d5 11.exd5 Nxd5 12.Nxd5 exd5 13.Qd2 Ne5 14.O-O-O Qc7 15.f4 Nxg4
16.Bxg4 Bxg4 17.Rdg1 Qd7 18.h3 Bf5 19.Nxf5 Qxf5 20.Rxg7 Bf6 21.Bd4 Bxd4 22.Re1+ Kd7
23.Qxd4 Rac8 24.Rg2 Rhe8 25.Rd1 Re4 26.Qxd5+ Qxd5 27.Rxd5+ Ke6 28.Rgd2 Re1+
29.Rd1 Rxd1+ 30.Rxd1 Rc5 31.Re1+ Kf6 32.Re3 Rd5 33.a4 Rd4 34.Rb3 Rxf4 35.a5 h5
36.Rxb7 Kg5 37.Rb6 Kh4 38.Rxa6 Kxh3 39.Ra8 h4 40.a6 Ra4 41.b3 Ra5 42.b4  1-0

[Event "29th ch-GRE Team"]
[Site "Athens GRE"]
[Date "2000.07.08"]
[Round "3"]
[White "Tsomis,D"]
[Black "Botsari,A"]
[Result "1/2-1/2"]
[WhiteElo "2240"]
[BlackElo "2317"]

1.e4 c5 2.Nf3 Nc6 3.d4 cxd4 4.Nxd4 Qc7 5.Nc3 e6 6.Be3 a6 7.Nxc6 bxc6 8.Bd3 c5
9.O-O Nf6 10.f4 h5 11.h3 Bb7 12.e5 Nd5 13.Nxd5 Bxd5 14.c4 Bc6 15.Be2 Qb7
16.Rf2 g6 17.Qd2 Rb8 18.b3 Be7 19.Bf3 O-O 20.Rd1 Rfd8 21.Bxc6 Qxc6 22.Qc2  1/2-1/2

[Event "GM"]
[Site "Dortmund GER"]
[Date "2000.07.08"]
[Round "2"]
[White "Wegener,O"]
[Black "Skripchenko,A"]
[Result "1/2-1/2"]
[WhiteElo "2359"]
[BlackElo "2444"]

1.e4 c5 2.Nf3 Nc6 3.d4 cxd4 4.Nxd4 Qc7 5.Nc3 e6 6.Be2 a6 7.O-O Nf6 8.Be3 Bb4
9.Na4 Be7 10.Nxc6 bxc6 11.Nb6 Rb8 12.Nxc8 Qxc8 13.Bd4 c5 14.Be5 Rb6 15.Qd3 O-O
16.b3 d6 17.Bc3 Nd7 18.Rad1 Bf6 19.Ba5 Rc6 20.Qg3 Qb8 21.Kh1 Bd8 22.Bd2 Kh8
23.Bf4 Bc7 24.Rd2 Nf6 25.Bf3 Rb6 26.Rfd1 Ne8 27.Be2 d5 28.Bxc7 Nxc7 29.exd5 exd5
30.c3 Rg6 31.Qh4 Rh6 32.Qf4 Qb6 33.Bg4 Rf6 34.Qg3 Rd8 35.Re1 Ne6 36.Qe5 d4
37.Red1 h6 38.h3 Rf8 39.Bxe6 Rxe6 40.Qg3 Rd8 41.Qf4 Rf6 42.Qe5 Re6 43.Qf5 Rf6
44.Qe5  1/2-1/2

[Event "29th ch-GRE Team"]
[Site "Athens GRE"]
[Date "2000.07.10"]
[Round "5"]
[White "Pandavos,P"]
[Black "Grivas,E"]
[Result "0-1"]
[WhiteElo "2333"]
[BlackElo "2503"]

1.e4 c5 2.Nf3 Nc6 3.d4 cxd4 4.Nxd4 Qb6 5.Nb3 Nf6 6.Nc3 e6 7.Bd3 d6 8.O-O a6
9.a3 Be7 10.Be3 Qc7 11.f4 b5 12.Qf3 O-O 13.Rae1 Rb8 14.Kh1 b4 15.Ne2 bxa3
16.bxa3 e5 17.f5 Na5 18.Nd2 Bb7 19.Rb1 Bc6 20.c4 Rxb1 21.Rxb1 Rb8 22.Rb4 Ba8
23.h3 Nc6 24.Rxb8+ Qxb8 25.Qf1 Bd8 26.Qb1 Qxb1+ 27.Bxb1 Nd7 28.Bd3 Bb7 29.Nb3 Na5
30.Nec1 Kf8 31.Nxa5 Bxa5 32.Nb3 Bd8 33.Kg1 a5 34.a4 Bc6 35.Bd2 Bxa4 36.Nxa5 Nc5
37.Bb1 Bxa5 38.Bxa5 Bb3 39.Kf2 Bxc4 40.Ke3 Bf1 41.Kf2 Bd3 42.Bxd3 Nxd3+ 43.Ke3 Nc5
44.g4 Ke7 45.Bb4 Kd7 46.h4 Kc6 47.Ba5 d5 48.exd5+ Kxd5 49.Bc3 Ne4 50.Bb2 Nd6
51.Kf3 h5 52.Ba3 e4+ 53.Kf4 hxg4 54.Kxg4 e3 55.h5 f6 56.Kf3 Nxf5 57.Bf8  0-1

[Event "Chesswise International"]
[Site "Stratton Mountain USA"]
[Date "2000.07.10"]
[Round "1"]
[White "Gersov,E"]
[Black "Lazarev,V"]
[Result "0-1"]
[WhiteElo "2347"]
[BlackElo "2478"]

1.e4 c5 2.Nf3 Nc6 3.d4 cxd4 4.Nxd4 Qc7 5.Nc3 e6 6.Be3 a6 7.Bd3 b5 8.Nxc6 Qxc6
9.a4 b4 10.Ne2 Bb7 11.O-O Nf6 12.f3 Bc5 13.Qd2 O-O 14.Nd4 Qc7 15.Nb3 Bd6
16.g3 Be7 17.Bf4 e5 18.Bg5 a5 19.Qe3 Rfc8 20.Rfc1 h6 21.Bxf6 Bxf6 22.Rd1 d5
23.Qe2 dxe4 24.fxe4 Ba6 25.Nd2 Bxd3 26.cxd3 Qc2 27.b3 Rc3 28.Rac1 Qxc1 29.Rxc1 Rxc1+
30.Kg2 Rc2 31.h4 Rd8 32.Kh3 Rc3 33.Nc4 Rdxd3 34.Qg4 Rxb3 35.Qc8+ Rd8 36.Qb7 Rc3
37.Nxa5 Rdd3 38.Qxb4 Rxg3+ 39.Kh2 Rh3+ 40.Kg2 Rcg3+ 41.Kf1 Rh1+ 42.Ke2 Rh2+
43.Kf1 Bxh4 44.Qb8+ Kh7  0-1

[Event "29th ch-GRE Team"]
[Site "Athens GRE"]
[Date "2000.07.12"]
[Round "7"]
[White "Dimbas,D"]
[Black "Botsari,A"]
[Result "0-1"]
[WhiteElo "2057"]
[BlackElo "2317"]

1.e4 c5 2.Nf3 Nc6 3.d4 cxd4 4.Nxd4 Qc7 5.Nc3 e6 6.g3 a6 7.Bg2 Nf6 8.O-O Bc5
9.Nde2 d6 10.Nf4 h5 11.h4 Ba7 12.Nce2 b5 13.b3 Bb7 14.Bb2 Ne5 15.Nd4 Nxe4
16.Re1 Nc3 17.Qd2 Bxg2 18.Kxg2 Qb7+ 19.Kh3 g5 20.hxg5 Ne4 21.Rxe4 Qxe4 22.Ndxe6 fxe6
23.Qxd6 Qf5+ 24.Kg2 Bb8 25.Qc5 Qe4+ 26.Kf1 Qh1+ 27.Ke2 Qf3+ 28.Kd2 Bd6 29.Qxd6 Rd8
30.Qxd8+ Kxd8 31.Bxe5 Qxf2+ 32.Ne2 Rh7  0-1

[Event "t-EuCh U18"]
[Site "Balatonlelle HUN"]
[Date "2000.07.13"]
[Round "5"]
[White "Kovchan,A"]
[Black "Djukic,Ni"]
[Result "1-0"]
[WhiteElo "2420"]
[BlackElo "2332"]

1.e4 c5 2.Nf3 Nc6 3.d4 cxd4 4.Nxd4 Qc7 5.Nc3 e6 6.Be3 a6 7.Qd2 Nf6 8.f3 Ne5
9.O-O-O Bb4 10.Nb3 b5 11.Bd4 h6 12.Kb1 Nc4 13.Bxc4 bxc4 14.Nc1 Rb8 15.g4 e5
16.Bf2 Qa5 17.N1e2 d6 18.Ka1 Be6 19.h4 Nd7 20.Qc1 Rb7 21.Nd5 Bc5 22.Bxc5 Nxc5
23.Qd2 Qb5 24.Rb1 Na4 25.Nec3 Qa5 26.Rhd1 Nc5 27.Ne3 Rd7 28.Ncd5 Qd8 29.Nxc4 Qxh4
30.Nxd6+ Kf8 31.Qb4  1-0

[Event "10th Smith & Williamson YM"]
[Site "Witley ENG"]
[Date "2000.07.19"]
[Round "6"]
[White "Collins,S"]
[Black "Middelburg,T"]
[Result "1/2-1/2"]
[WhiteElo "2172"]
[BlackElo "2328"]

1.e4 c5 2.Nf3 Nc6 3.d4 cxd4 4.Nxd4 Qc7 5.Nc3 e6 6.Be2 a6 7.O-O Nf6 8.Nxc6 Qxc6
9.Bf3 Qc7 10.g3 Be7 11.Re1 d6 12.Bg2 Bd7 13.a4 Bc6 14.a5 b5 15.axb6 Qxb6
16.Ra3 Nd7 17.Be3 Qc7 18.Nd5 exd5 19.exd5 Bb7 20.Bd4 Ne5 21.Bxe5 dxe5 22.d6 Bxd6
23.Rc3 Bc5 24.Bxb7 Qxb7 25.Rxc5 O-O 26.b3 Rad8 27.Qe2 f6 28.Ra1 Rd6 29.Qc4+ Kh8
30.Rc7 Qb6 31.Qc5 Qxc5 32.Rxc5 h6 33.Rc7 Rb8 34.Ra4 Rbd8 35.Kg2 Kg8 36.Rg4 R8d7
37.Rxd7 Rxd7 38.Rc4 Kf7 39.Rc6 a5 40.Kf3 h5 41.Ra6 Rc7 42.c4 Rb7 43.Ke4 Rxb3
44.c5 Rb2 45.Kd5 Rxf2 46.c6 Rd2+ 47.Kc5 Ke6 48.Ra8 Rc2+ 49.Kb6 Rb2+ 50.Kc5 Rc2+
51.Kb6 Rxh2 52.c7 Rb2+ 53.Ka6 Rc2 54.c8=Q+ Rxc8 55.Rxc8 Kf5 56.Kb5 Kg4 57.Rc3 g5
58.Kc4 f5 59.Kd5 f4 60.gxf4 exf4 61.Ke4 h4 62.Rc1 h3 63.Rg1+ Kh4 64.Rh1 a4
65.Kf3 a3 66.Rc1 g4+ 67.Kxf4 h2 68.Rc8 Kh3 69.Rc3+ Kg2 70.Rc2+ Kh3 71.Rc3+  1/2-1/2

[Event "ch-Paris"]
[Site "Paris FRA"]
[Date "2000.07.20"]
[Round "6"]
[White "Gaston,S"]
[Black "Lukov,V"]
[Result "0-1"]
[WhiteElo "2177"]
[BlackElo "2437"]

1.e4 c5 2.Nf3 Nc6 3.d4 cxd4 4.Nxd4 Qc7 5.Nc3 e6 6.Be3 Nf6 7.Be2 a6 8.O-O Be7
9.f4 d6 10.Qe1 O-O 11.Kh1 Nxd4 12.Bxd4 b5 13.a3 Bb7 14.Qg3 Rad8 15.Rae1 Rd7
16.Bd3 Re8 17.e5 dxe5 18.Bxe5 Qd8 19.f5 Bd6 20.Qh4 Bxe5 21.Rxe5 Rd4 22.Rf4 Rxf4
23.Qxf4 Qd6 24.Qg3 exf5 25.Rxe8+ Nxe8 26.Bxf5 Qxg3 27.hxg3 Nd6 28.Bd3 f5
29.Kg1 Kf7 30.Nd1 Kf6 31.g4 f4 32.Bxh7 Kg5 33.Nf2 Nc4 34.Bf5 Kh4 35.Nd3 Kg3
36.Nc1 Bxg2 37.Ne2+ Kf3 38.Nxf4 Kxf4 39.Kxg2 Ne3+ 40.Kf2 Nxg4+ 41.Bxg4 Kxg4
42.Ke3 g5 43.a4 Kg3 44.axb5 axb5 45.Ke2 g4  0-1

[Event "KB Czech Open"]
[Site "Pardubice CZE"]
[Date "2000.07.21"]
[Round "1"]
[White "Ginzburg,Mi"]
[Black "Shtyrenkov,V"]
[Result "1/2-1/2"]
[WhiteElo "2276"]
[BlackElo "2511"]

1.e4 c5 2.Nf3 Nc6 3.d4 cxd4 4.Nxd4 Qb6 5.Nb3 Nf6 6.Nc3 e6 7.Be3 Qc7 8.a3 d6
9.Be2 a6 10.a4 b6 11.O-O Be7 12.f4 Bb7 13.Bf3 Na5 14.Nxa5 bxa5 15.e5 dxe5
16.fxe5 Nd7 17.Bxb7 Qxb7 18.Qg4 Qxb2 19.Qxg7 O-O-O 20.Bd4 Qb4 21.Ne2 Qc4
22.Qxf7 Bc5 23.Bxc5 Qxc5+ 24.Kh1 Qxe5 25.Qf3 Qd5 26.Qc3+ Qc5 27.Qd3 Nb8 28.Qb3 Qd5
29.Qc3+ Qc6 30.Qxa5 Rhf8 31.Rfb1 Qc7 32.Qb4 Rd6 33.Ra3 Nc6 34.Qc4 Nd4 35.Rc3 Qxc4
36.Rxc4+ Nc6 37.Nd4  1/2-1/2

[Event "KB Czech Open"]
[Site "Pardubice CZE"]
[Date "2000.07.21"]
[Round "1"]
[White "Manik,M"]
[Black "Kragelj,I"]
[Result "1/2-1/2"]
[WhiteElo "2425"]
[BlackElo "2255"]

1.e4 c5 2.Nf3 Nc6 3.d4 cxd4 4.Nxd4 Qc7 5.Nc3 e6 6.f4 Nxd4 7.Qxd4 a6 8.Be3 b5
9.Be2 Bb7 10.Bf3 Rc8 11.Rd1 h5 12.a3 Nf6 13.Rd2 Ng4 14.Bxg4 hxg4 15.Qd3 Bxa3
16.bxa3 Qxc3 17.Qxd7+ Kf8 18.Qxb7 Qxe3+ 19.Kd1 Re8 20.Rd7 Kg8 21.Rxf7 Qd4+
22.Kc1 Qa1+ 23.Kd2 Qd4+ 24.Kc1 Qa1+ 25.Kd2  1/2-1/2

[Event "ch-Paris"]
[Site "Paris FRA"]
[Date "2000.07.22"]
[Round "8"]
[White "Palac,M"]
[Black "Boulard,E"]
[Result "1-0"]
[WhiteElo "2573"]
[BlackElo "2224"]

1.e4 c5 2.Nf3 Nc6 3.d4 cxd4 4.Nxd4 Qc7 5.Nc3 e6 6.Be2 a6 7.O-O Nf6 8.Be3 d6
9.f4 Be7 10.a4 O-O 11.Kh1 Re8 12.Bf3 Rb8 13.Qd2 Bd7 14.Qf2 Bf8 15.Rad1 Nxd4
16.Bxd4 e5 17.Bb6 Qc4 18.Be2 Qc6 19.fxe5 dxe5 20.Nd5 Nxe4 21.Qxf7+ Kh8 22.Qh5 Re6
23.Be3 Bc5 24.Qf3 Rg6 25.Bxc5 Ng3+ 26.hxg3 Qxc5 27.Qe3 Qxc2 28.Bd3 Rh6+ 29.Qxh6 Qxd1
30.Qxh7+  1-0

[Event "ch-HUN Women"]
[Site "Budapest HUN"]
[Date "2000.07.23"]
[Round "3"]
[White "Medvegy,N"]
[Black "Lakos,N"]
[Result "1/2-1/2"]
[WhiteElo "2350"]
[BlackElo "2327"]

1.e4 c5 2.Nf3 Nc6 3.d4 cxd4 4.Nxd4 Qc7 5.Nc3 e6 6.f4 a6 7.Be2 Nxd4 8.Qxd4 b5
9.Bf3 Bb7 10.Be3 Rc8 11.Rd1 Bc6 12.O-O Ne7 13.a3 Ng6 14.Bh5 Bb7 15.Rf2 Bc5
16.Qd2 Bxe3 17.Qxe3 Qc5 18.Qxc5 Rxc5 19.e5 d5 20.g3 O-O 21.Rdd2  1/2-1/2

[Event "ch-HUN Women"]
[Site "Budapest HUN"]
[Date "2000.07.26"]
[Round "6"]
[White "Madl,I"]
[Black "Lakos,N"]
[Result "1/2-1/2"]
[WhiteElo "2418"]
[BlackElo "2327"]

1.e4 c5 2.Nf3 Nc6 3.d4 cxd4 4.Nxd4 Qc7 5.Nc3 e6 6.Be3 a6 7.Bd3 Nf6 8.O-O Ne5
9.h3 Bc5 10.Kh1 d6 11.f4 Ng6 12.Qd2 O-O 13.Nb3  1/2-1/2

[Event "Open"]
[Site "Kavala GRE"]
[Date "2000.07.26"]
[Round "3"]
[White "Tsipouris,E"]
[Black "Botsari,A"]
[Result "0-1"]
[WhiteElo "2058"]
[BlackElo "2325"]

1.e4 c5 2.Nf3 Nc6 3.d4 cxd4 4.Nxd4 Qc7 5.Nc3 e6 6.f4 a6 7.Nxc6 Qxc6 8.Bd3 b5
9.Qe2 Bb7 10.Bd2 Be7 11.a3 h5 12.Rf1 Rc8 13.g3 Qc7 14.e5 g6 15.h3 Nh6 16.g4 hxg4
17.hxg4 Bh4+ 18.Kd1 d6 19.Ne4 Bxe4 20.Bxe4 dxe5 21.fxe5 Rd8 22.Kc1 Rxd2 23.Qxd2 Qxe5
24.Bc6+ Kf8 25.Qb4+ Kg7 26.Qc3 Qxc3 27.bxc3 Nxg4 28.Bb7 a5 29.Rb1 Bg5+ 30.Kb2 Rb8
31.Rg1 Rxb7 32.Rxg4 Bf6 33.Kb3 a4+ 34.Ka2 Rc7 35.Rxb5 Rxc3 36.Rxa4 Rxc2+
37.Kb3 Rg2 38.Re4 Rg3+ 39.Ka2 Rd3 40.a4 Bd4 41.a5 e5 42.a6 f5 43.Re2 Rd1
44.Kb3 Rb1+ 45.Kc4 Ra1 46.Rb7+ Kf6 47.Kb5 f4 48.Rc2 f3 49.Rc6+ Kf5 50.Rf7+ Ke4
51.Rxg6 Be3 52.Rg4+ Bf4 53.Rgxf4+ exf4 54.Re7+ Kd5 55.Rd7+ Ke4 56.Re7+ Kf5
57.Rf7+ Ke5 58.Re7+ Kf6 59.Re4 Kg5 60.Ra4 Rxa4 61.Kxa4 f2 62.a7 f1=Q  0-1

[Event "12th Open"]
[Site "Porto POR"]
[Date "2000.07.26"]
[Round "5"]
[White "Caruso,A"]
[Black "Csom,I"]
[Result "1-0"]
[WhiteElo "2286"]
[BlackElo "2478"]

1.e4 c5 2.Nf3 Nc6 3.d4 cxd4 4.Nxd4 Qb6 5.Nf3 Nf6 6.Nc3 e6 7.Bd3 d6 8.O-O Be7
9.Qe1 Ng4 10.a4 O-O 11.Bd2 Qd8 12.Rd1 a6 13.Bf4 Qc7 14.Nd2 Nge5 15.Nb3 Bd7
16.Kh1 Rac8 17.Bc1 Bf6 18.f4 Nxd3 19.Rxd3 Nb4 20.Rh3 g6 21.e5 dxe5 22.Ne4 Be7
23.fxe5 Qxc2 24.Qxb4 Bc6 25.Qxe7 Bxe4 26.Bd2 Bd5 27.Qh4 h5 28.Qf6 Kh7 29.Rc1 Qe4
30.Qf1  1-0

[Event "Open"]
[Site "Bergen NOR"]
[Date "2000.07.27"]
[Round "7"]
[White "Agopov,M"]
[Black "Yakovich,Y"]
[Result "1/2-1/2"]
[WhiteElo "2399"]
[BlackElo "2585"]

1.e4 c5 2.Nf3 Nc6 3.d4 cxd4 4.Nxd4 Qc7 5.Nc3 e6 6.Be2 a6 7.O-O Nf6 8.Kh1 Nxd4
9.Qxd4 Bc5 10.Qd3 b5 11.Bg5 Bb7 12.f4 Bb4 13.Bf3 Bxc3 14.bxc3 Rc8 15.Bxf6 gxf6
16.Rad1 Rg8 17.Qd4 Qd8 18.e5 Bxf3 19.Rxf3 f5 20.Qa7 Qc7 21.Qxa6 Qc6 22.Qxc6 Rxc6
23.Rb1 Ke7 24.Rxb5 Ra8 25.Rb7 Rxa2 26.h3 Rc8 27.Rd3 Rd8 28.Rd2 Ra4 29.Rb4 Ra7
30.Rc4 h5 31.g3 f6 32.Kg2 Rb8 33.Kf3 Rb5 34.exf6+ Kxf6 35.Rc8 Rbb7 36.Ke3 Rc7
37.Rxc7 Rxc7 38.Kd4 d5 39.Rf2 Ra7 40.Rf1 Rg7 41.Rf3 Rc7  1/2-1/2

[Event "KB Czech Open"]
[Site "Pardubice CZE"]
[Date "2000.07.27"]
[Round "7"]
[White "Groszpeter,A"]
[Black "Oral,T"]
[Result "1/2-1/2"]
[WhiteElo "2478"]
[BlackElo "2531"]

1.e4 c5 2.Nf3 Nc6 3.d4 cxd4 4.Nxd4 Qc7 5.Nc3 e6 6.Be3 a6 7.Bd3 b5 8.Nxc6 Qxc6
9.O-O Bb7 10.a3 Nf6 11.Qe2 Bc8 12.Kh1  1/2-1/2

[Event "KB Czech Open"]
[Site "Pardubice CZE"]
[Date "2000.07.27"]
[Round "7"]
[White "Maslak,K"]
[Black "Vavra,P1"]
[Result "0-1"]
[WhiteElo "2306"]
[BlackElo "2393"]

1.e4 c5 2.Nf3 Nc6 3.d4 cxd4 4.Nxd4 Qb6 5.Nb3 Nf6 6.Nc3 e6 7.Be3 Qc7 8.Bd3 Be7
9.O-O d6 10.f4 a6 11.Qf3 O-O 12.Rae1 Re8 13.g4 Nd7 14.g5 Bf8 15.Qh5 g6 16.Qh4 b5
17.Rf3 Qd8 18.Rh3 h5 19.Be2 Bg7 20.Bxh5 gxh5 21.Qxh5 Nf8 22.Ne2 d5 23.e5 d4
24.Bd2 Qd5 25.Ng3 Bb7 26.Ne4 Ne7 27.Nbc5 Bc6 28.Rg3 Nf5 29.Rg4 Ng6 30.a4 Kf8
31.Bb4 Ke7 32.axb5 axb5 33.Na4+ Kd8 34.Nb6 Qxe4 35.Rxe4 Bxe4 36.Nxa8 Rh8
37.Ba5+ Kc8 38.Nb6+ Kb7 39.Qxh8 Bxh8 40.Kf2 Ka6 41.b4 Ne3 42.Rg1 Nxf4 43.Ra1 Nxc2
44.Ra2 Nd3+ 45.Kg1 Nc1 46.Rb2 d3 47.Nd7 d2  0-1

[Event "KB Czech Open"]
[Site "Pardubice CZE"]
[Date "2000.07.29"]
[Round "9"]
[White "Zhigalko,A"]
[Black "Vavra,P1"]
[Result "1-0"]
[WhiteElo "2318"]
[BlackElo "2393"]

1.e4 c5 2.Nf3 Nc6 3.d4 cxd4 4.Nxd4 Qb6 5.Nxc6 bxc6 6.Bd3 e5 7.O-O Nf6 8.Nd2 Qc7
9.Nc4 Bc5 10.Bg5 Be7 11.f4 h6 12.Bxf6 Bxf6 13.fxe5 Bxe5 14.Qh5 d6 15.Nxe5 dxe5
16.Bc4 Rf8 17.Rxf7 Rxf7 18.Rf1 Qe7 19.Rxf7 Qc5+ 20.Rf2+ Kd8 21.Qf7 Rb8 22.Kh1 Rb7
23.Qg8+ Kc7 24.Rf7+ Bd7 25.Be6 Kd6 26.Bxd7  1-0

[Event "World Open"]
[Site "Philadelphia USA"]
[Date "2000.07.29"]
[Round "2"]
[White "Rogers,N"]
[Black "Gufeld,E"]
[Result "0-1"]
[WhiteElo "2265"]
[BlackElo "2448"]

1.e4 c5 2.Nf3 Nc6 3.d4 cxd4 4.Nxd4 Qb6 5.Nb3 Nf6 6.Nc3 e6 7.Be3 Qc7 8.f4 d6
9.Qf3 a6 10.Bd3 b5 11.O-O Bb7 12.Qh3 h5 13.Kh1 Ng4 14.Bg1 Be7 15.a4 b4 16.Na2 Bf6
17.e5 dxe5 18.f5 exf5 19.Bxf5 g6 20.Bxg4 hxg4 21.Qxg4 Be7 22.c3 Rh4 23.Qg3 Rh5
24.Nc5 Bxc5 25.Bxc5 O-O-O 26.Nxb4 Rdh8 27.Bg1 Nxb4 28.cxb4 Rh3 29.Qf2 R8h4
30.Qxf7 Bxg2+ 31.Kxg2 Qc6+ 32.Rf3 Rxf3 33.Qxf3 Rg4+ 34.Kf2 Rf4 35.Qxf4 exf4
36.Re1 Qxa4 37.Rc1+ Kd7 38.Rc4 g5 39.h4 Qd1 40.Rc5 g4  0-1

[Event "MTO Open"]
[Site "Biel SUI"]
[Date "2000.08.03"]
[Round "10"]
[White "Saravanan,V"]
[Black "Beshukov,S"]
[Result "1/2-1/2"]
[WhiteElo "2412"]
[BlackElo "2428"]

1.e4 c5 2.Nf3 Nc6 3.d4 cxd4 4.Nxd4 Qc7 5.Nc3 e6 6.Be3 a6 7.Bd3 b5 8.Nxc6 Qxc6
9.O-O Bb7 10.a3 Nf6 11.Qe2 Be7 12.f4 Rc8 13.e5 Nd5 14.Nxd5 Qxd5 15.Rfd1 Qc6
16.Rac1 Bc5 17.Bxc5 Qxc5+ 18.Qf2 Ke7 19.c4 bxc4 20.Rxc4 Qxf2+ 21.Kxf2 Rxc4
22.Bxc4 Rc8 23.Bd3 h6 24.Rd2 g5 25.g3 gxf4 26.gxf4 f6 27.Rc2 Rg8 28.exf6+ Kxf6
29.Ke3 e5 30.Rc7 Bc6 31.Bxa6 Rg2 32.b4 Ra2 33.b5 Rxa3+ 34.Kf2 exf4 35.bxc6 Rxa6
36.cxd7 Ke7 37.Rc4  1/2-1/2

[Event "Open"]
[Site "Chania GRE"]
[Date "2000.08.07"]
[Round "6"]
[White "Milonakis,G"]
[Black "Tsekouras,T"]
[Result "0-1"]
[WhiteElo "2040"]
[BlackElo "2210"]

1.e4 c5 2.Nf3 Nc6 3.d4 cxd4 4.Nxd4 Qc7 5.Nc3 e6 6.Be2 a6 7.O-O Nf6 8.Be3 Bb4
9.f3 O-O 10.Bd3 Bc5 11.Nce2 Qb6 12.c3 e5 13.b4 Bxd4 14.cxd4 exd4 15.Bd2 Ne5
16.Qb3 d6 17.Kh1 Be6 18.Qb1 Rac8 19.a3 Nxd3 20.Qxd3 Bc4 21.Qxd4 Qxd4 22.Nxd4 Bxf1
23.Rxf1 g6 24.b5 Rc4 25.bxa6 bxa6 26.Nb3 Nd7 27.Bb4 Nc5 28.Na5 Rc2 29.h3 Nd3
30.Bxd6 Rd8 31.e5 f6 32.f4 Re8 33.Nb3 Re2 34.Rf3 Ne1 35.Rg3 Nc2 36.Nc5 Re1+
37.Kh2 Ne3 38.Nd3 Re2 39.Kg1 Nf5 40.Rf3 Nxd6 41.exd6 Rd8 42.f5 Rxd6 43.fxg6 hxg6
44.Nf4 Re1+ 45.Kf2 Rdd1 46.Rg3 g5 47.h4 Rf1+ 48.Ke3 Rxf4  0-1

[Event "Open"]
[Site "Chania GRE"]
[Date "2000.08.07"]
[Round "6"]
[White "Shavtvaladze,N"]
[Black "Panagiotopoulos,O"]
[Result "1-0"]
[WhiteElo "2314"]
[BlackElo "2078"]

1.e4 c5 2.Nf3 Nc6 3.d4 cxd4 4.Nxd4 Qc7 5.Nc3 e6 6.Be2 a6 7.Be3 Nf6 8.O-O Bb4
9.Na4 Be7 10.Nxc6 bxc6 11.Nb6 Rb8 12.Nxc8 Qxc8 13.e5 Nd5 14.Bc1 Bc5 15.c4 Ne7
16.b3 Qc7 17.Bb2 d6 18.exd6 Bxd6 19.h3 Be5 20.Qc2 c5 21.Rfe1 Bxb2 22.Qxb2 O-O
23.Bf3 Nf5 24.Qc3 Nd4 25.Rad1 Rfd8 26.g3 a5 27.Kg2 h6 28.h4 a4 29.bxa4 Rb4
30.Rb1 Rxa4 31.Rb2 Qa7 32.Qd2 Rb8 33.Reb1 Rxb2 34.Rxb2 Nxf3 35.Qd8+ Kh7 36.Kxf3 Rxa2
37.Rb8 Qa3+ 38.Kg4 h5+ 39.Kxh5 Qf3+ 40.g4 g6+ 41.Kg5 f6+ 42.Qxf6 Qxf6+ 43.Kxf6 Rxf2+
44.Kg5 Rf7 45.Re8 Rd7 46.Rxe6 Rd4 47.Rxg6 Rxc4 48.Rc6 Kg8 49.Rc7 Kf8 50.h5 Rc1
51.h6 Ke8 52.h7 Kd8 53.Ra7  1-0

[Event "Open"]
[Site "Chania GRE"]
[Date "2000.08.09"]
[Round "8"]
[White "Touloumis,A"]
[Black "Botsari,A"]
[Result "0-1"]
[WhiteElo "2160"]
[BlackElo "2325"]

1.e4 c5 2.Nf3 Nc6 3.d4 cxd4 4.Nxd4 Qc7 5.Nc3 e6 6.f4 a6 7.Nb3 b5 8.a3 Bb7
9.Bd3 Be7 10.Be3 h5 11.O-O Nf6 12.h3 h4 13.Qd2 d6 14.Rae1 Nh5 15.Rf3 g6 16.Qf2 Qd7
17.Nd4 Nxd4 18.Bxd4 O-O 19.Qd2 Rae8 20.f5 exf5 21.Qh6 Bf6 22.Bxf6 Nxf6 23.Rxf5 Nxe4
24.Rf4 Nxc3 25.Ref1 Ne2+  0-1

[Event "TCh-ESP"]
[Site "Barcelona ESP"]
[Date "2000.08.12"]
[Round "8"]
[White "Pablo Marin,A"]
[Black "Magem Badals,J"]
[Result "1/2-1/2"]
[WhiteElo "2395"]
[BlackElo "2482"]

1.e4 c5 2.Nf3 Nc6 3.d4 cxd4 4.Nxd4 Qc7 5.Nb5 Qb8 6.Bd3 a6 7.N5c3 b5 8.Be3 e6
9.f4 Bb7 10.Nd2 d6 11.O-O Nf6 12.Qf3 Be7 13.Qh3 Nb4 14.Nf3 Nxd3 15.cxd3 b4
16.Ne2 Bc8  1/2-1/2

[Event "III Pyramiden-Franken Cup"]
[Site "Fuerth GER"]
[Date "2000.08.19"]
[Round "1"]
[White "Betz,E"]
[Black "Oral,T"]
[Result "0-1"]
[WhiteElo "2080"]
[BlackElo "2531"]

1.e4 c5 2.Nf3 Nc6 3.d4 cxd4 4.Nxd4 Qc7 5.Be3 e6 6.Be2 Nf6 7.Nd2 d5 8.f3 Bd7
9.Nxc6 Bxc6 10.exd5 Nxd5 11.Bf2 Bd6 12.g3 O-O-O 13.c4 Nf6 14.Qb3 Qa5 15.Be3 Bb4
16.Qc2 Ng4 17.fxg4 Bxh1 18.O-O-O Qxa2 19.Nb1 Rxd1+ 20.Bxd1 Qa5 21.Qf2 Qc7
22.Be2 b6 23.Nc3 Bxc3  0-1

[Event "Paul Keres mem"]
[Site "Tallinn EST"]
[Date "2000.08.20"]
[Round "7"]
[White "Rogovoi,M"]
[Black "Gavrikov,Vi"]
[Result "0-1"]
[WhiteElo "2252"]
[BlackElo "2549"]

1.e4 c5 2.Nf3 Nc6 3.d4 cxd4 4.Nxd4 Qc7 5.Nc3 e6 6.Be2 Nf6 7.Be3 a6 8.f4 d6
9.a4 Be7 10.O-O O-O 11.Kh1 Re8 12.Bf3 Bf8 13.Qd2 e5 14.Nde2 exf4 15.Bxf4 Be6
16.Rad1 Ne5 17.Nd4 Rac8 18.Nxe6 fxe6 19.Bxe5 dxe5 20.g4 Red8 21.Qc1 Bb4 22.g5 Nd7
23.Na2 Be7 24.Bg4 Qc6 25.Qe3 Nf8 26.Nc3 Rxd1 27.Rxd1 Bb4 28.Rd3 Ng6 29.Ne2 Re8
30.Bh5 Bc5 31.Qf3 Rf8 32.Qg2 Nh4  0-1

[Event "5th Paks Cup IM"]
[Site "Paks HUN"]
[Date "2000.08.21"]
[Round "3"]
[White "Toth,An1"]
[Black "Molnar,Be"]
[Result "1-0"]
[WhiteElo "2337"]
[BlackElo "2373"]

1.e4 c5 2.Nf3 Nc6 3.d4 cxd4 4.Nxd4 Qc7 5.Nc3 e6 6.Be2 Nxd4 7.Qxd4 a6 8.Be3 b5
9.Rd1 Bb7 10.Bf4 Qc6 11.O-O b4 12.Nd5 exd5 13.exd5 Qc5 14.Qe5+ Be7 15.Qxg7 Bf6
16.Qg3 Ne7 17.Bd6 Qxc2 18.Qe3 Rg8 19.Bf3 Bg5 20.Qb6 Qc8 21.Rfe1 Rg6 22.Qxb4 a5
23.Qa3 Rxd6 24.Qxd6 Qb8 25.Qxb8+ Rxb8 26.d6 Bxf3 27.gxf3 Rxb2 28.Rd5 Bh4
29.Rxa5 f5 30.Ra8+ Kf7 31.dxe7 Bxe7 32.Kf1 Rb7 33.a4 d5 34.a5 Bc5 35.Rc1  1-0